01451nac a22003497a 4500001001000000003000900010005001700019008003400036040005400070072000800124090001900132100001700151100002000168100002300188100002200211110008300233111007600316245012500392246011300517260003500630300000900665490012000674650001000794650001200804650001500816650002500831650001600856909004700872942001700919999001900936952014600955BR8201739BR-BrBNA20240105115256.0230509b bl.|||m| |||| 00| 0 por d aBR-BrBNAbporcBiblioteca Nacional de Agricultura aH70 a0120 BR82017391 aCoelho, R.C.1 aLiberal, O.H.T.1 aArruda, M.L. da R.1 aFernandes, G.M.B.1 aEmpresa de Pesquisa Agropecuaria do Estado do Rio de Janeiro, Niteroi (Brasil)1 a1. Congresso Brasileiro de SementescCuritiba, PR (Brazil)d26 Nov 19791 aEfeito de inseticidas na conservacao de sementes de milho (Zea mays L.)[Gorgulho dos cereais; Sitophilus orizae; Brasil]1 a[Effect of insecticides on maize seeds conservation (Zea mays L.)[Cereal weevil; Sitophilus orizae; Brazil]]3 aNiteroi, RJ (Brasil): c1982.  a4 p. aComunicado Tecnico - Empresa de Pesquisa Agropecuaria do Estado do Rio de Janeiro (Brazil)vno. 117xISSN 0100-896X aMILHO aSEMENTE aINSETICIDA aGORGULHO DOS CEREAIS aCONSERVACAO a202312bLúcia Elandec55dLúcia Elande 2AGRISn0cMS c274021d274021 002AGRIS40708Acervo Gerala41918b41918cAGROBASEl0o0120 BR8201739p0120 BR8201739r2023-12-18yMSePortaria Interministerial nº 164/94